| 000 | 00475nam a22001577a 4500 | ||
|---|---|---|---|
| 003 | Ost | ||
| 005 | 20140310184528.0 | ||
| 008 | 131115t xxu||||| |||| 00| 0 eng d | ||
| 050 |
_aQM 695 _b.Av958 2006 |
||
| 100 |
_aAvison, Brigid. _930475 |
||
| 245 |
_aI wonder why : _bMy tummy rumbles and other questions about my body / _cBrigid Avison. |
||
| 260 |
_aLondon : _bKingfisher, _c2006. |
||
| 300 |
_a32 p. : _bill. col. ; _c28 cm. |
||
| 942 |
_2lcc _cBK-SCHOLAS |
||
| 999 |
_c35183 _d35183 |
||